Geography Quiz #2 - Statistics

General Stats
  • This quiz has been taken 49 times
  • The average score is 7 of 12
Answer Stats
Question Answer % Correct
Which is the most populous city in Australia? Sydney
100%
What is the capital of Armenia? Yerevan
74%
Which is the youngest country in the world? South Sudan
72%
Which is the smallest state in Australia? Tasmania
67%
How many countries are there in North America? 23
65%
Which is the 2nd largest country in Asia? India
65%
What is the capital of Mozambique? Maputo
51%
Which country surpassed Brazil by population in June 2022? Nigeria
40%
How many states are there in India? 28
37%
Which is the biggest city in the world by area? New York City
35%
When did Nigeria gain its independence from the United Kingdom? 1960
30%
Which is the 10th largest country by population? Mexico
19%
No matching quizzes found
Score Distribution
Percent of People with Each Score
Percentile by Number Answered
Your Score History
You have not taken this quiz